000 004250000a22001810004500
003 MACL
005 20150813162337.0
008 150813b xxu||||| |||| 00| 0 eng d
040 _aMACL
_cMACL
041 _aEnglish
082 _a400/GOP
100 _aGopalakrishnan, P N
_95416
245 _aConfusing Words
260 _bAuthors Press
_c2007
_aNew Delhi
350 _a75
650 _aLanguage
_981
942 _cBK
_k400
_2ddc
999 _c8851
_d8851